[Event "Festival INGEM - PLZEŇ 2012"]
[Site "Plzeň (Česká republika)"]
[Date "2012.08.20"]
[Round "4.1"]
[White "Haba, Zdenek"]
[Black "Vlasak, Lukas"]
[Result "1/2-1/2"]
[WhiteElo "2236"]
[BlackElo "2291"]
[PlyCount "25"]
[EventDate "2012.08.18"]
[Source "ChessBase"]
[SourceDate "1996.11.15"]

1. e4 c5 2. Nf3 e6 3. d4 cxd4 4. Nxd4 a6 5. Bd3 Bc5 6. Nb3 Be7 7. Qg4 g6 8. Qe2
d6 9. O-O Qc7 10. Nc3 Nf6 11. f4 Nbd7 12. Bd2 b6 13. Rae1 1/2-1/2

[Event "Festival INGEM - PLZEŇ 2012"]
[Site "Plzeň (Česká republika)"]
[Date "2012.08.20"]
[Round "4.2"]
[White "Neuman, Petr"]
[Black "Bartos, Jan"]
[Result "1/2-1/2"]
[WhiteElo "2476"]
[BlackElo "2211"]
[PlyCount "41"]
[EventDate "2012.08.18"]
[Source "ChessBase"]
[SourceDate "1996.11.15"]

1. e4 e5 2. Nf3 Nf6 3. d3 Nc6 4. c3 a5 5. Be2 d5 6. Nbd2 Bc5 7. O-O O-O 8. b3
Re8 9. a3 d4 10. c4 h6 11. Ne1 Nh7 12. Bg4 Qh4 13. Bxc8 Raxc8 14. g3 Qh3 15.
Qf3 Ng5 16. Qg2 Qxg2+ 17. Kxg2 Ne6 18. Rb1 Be7 19. h4 h5 20. Kf3 g6 21. Nc2
1/2-1/2

[Event "Festival INGEM - PLZEŇ 2012"]
[Site "Plzeň (Česká republika)"]
[Date "2012.08.20"]
[Round "4.3"]
[White "Vorobyov, Yrij"]
[Black "Plischki, Sebastian"]
[Result "0-1"]
[WhiteElo "2254"]
[BlackElo "2365"]
[PlyCount "116"]
[EventDate "2012.08.18"]
[Source "ChessBase"]
[SourceDate "1996.11.15"]

1. Nf3 c5 2. e3 Nc6 3. d4 cxd4 4. exd4 d5 5. c3 Bg4 6. Bf4 e6 7. Bd3 Qf6 8. Bg3
Bxf3 9. Qxf3 Qxf3 10. gxf3 h5 11. Bf4 Kd7 12. Kd2 Bd6 13. Bxd6 Kxd6 14. f4 Nge7
15. Rg1 Rag8 16. Ke3 f6 17. Nd2 g5 18. fxg5 fxg5 19. Nf3 g4 20. Nh4 e5 21.
dxe5+ Nxe5 22. Be2 Rf8 23. Rg3 Nf5+ 24. Nxf5+ Rxf5 25. Rf1 Re8 26. Kd2 Ref8 27.
Ke3 Rf4 28. h3 h4 29. Rgg1 gxh3 30. f3 R4f6 31. Rh1 Ng6 32. Rfg1 Nf4 33. Bd1
Re8+ 34. Kd2 Ree6 35. Rg4 a5 36. Rxh4 b5 37. a3 Re5 38. Rg4 b4 39. axb4 axb4
40. cxb4 d4 41. Rxf4 Rxf4 42. Rxh3 Rb5 43. Bc2 Rxb4 44. Be4 Rf8 45. Kd3 Rd8 46.
b3 Rc8 47. Rh6+ Ke5 48. Rh5+ Kf4 49. Rf5+ Kg3 50. Bd5 Rc3+ 51. Kd2 Rb5 52. Rg5+
Kf2 53. f4 Ra5 54. Rg2+ Kf1 55. Rg5 Ra2+ 56. Kd1 Re3 57. Re5 Kf2 58. Bc4 d3 0-1

[Event "Festival INGEM - PLZEŇ 2012"]
[Site "Plzeň (Česká republika)"]
[Date "2012.08.20"]
[Round "4.4"]
[White "Kireev, Aleksei"]
[Black "Smilek, Petr"]
[Result "1-0"]
[WhiteElo "2345"]
[BlackElo "1991"]
[PlyCount "77"]
[EventDate "2012.08.18"]
[Source "ChessBase"]
[SourceDate "1996.11.15"]

1. d4 Nf6 2. Nf3 g6 3. Bg5 Bg7 4. Nbd2 d5 5. e3 O-O 6. Bd3 Nbd7 7. O-O Re8 8.
c4 c6 9. Qb3 h6 10. Bh4 Qb6 11. c5 Qxb3 12. Nxb3 e5 13. Nfd2 g5 14. Bg3 Nh5 15.
Rfe1 Nxg3 16. hxg3 e4 17. Bf1 f5 18. Na5 f4 19. gxf4 gxf4 20. b4 a6 21. a4 fxe3
22. fxe3 Nf6 23. b5 axb5 24. axb5 Ng4 25. Ndb3 Re6 26. g3 Ra7 27. b6 Ra8 28.
Nxc6 Rxa1 29. Rxa1 Nxe3 30. Bh3 Nc2 31. Ra8 Rxc6 32. Bxc8 Kh7 33. Bf5+ Rg6 34.
c6 Nxd4 35. Nxd4 Bxd4+ 36. Kg2 bxc6 37. b7 Be5 38. Re8 Bd6 39. Re6 1-0

[Event "Festival INGEM - PLZEŇ 2012"]
[Site "Plzeň (Česká republika)"]
[Date "2012.08.20"]
[Round "4.5"]
[White "Mukashev, Assan"]
[Black "Piankov, Evgenij"]
[Result "1/2-1/2"]
[WhiteElo "2217"]
[BlackElo "2338"]
[PlyCount "67"]
[EventDate "2012.08.18"]
[Source "ChessBase"]
[SourceDate "1996.11.15"]

1. d4 d5 2. c4 c6 3. Nf3 e6 4. Qc2 f5 5. Bf4 Nf6 6. g3 Bd6 7. Bxd6 Qxd6 8. cxd5
exd5 9. Ne5 O-O 10. Nd2 Nbd7 11. Nd3 b6 12. Bg2 Bb7 13. O-O Ne4 14. Rac1 Rac8
15. Rfd1 Kh8 16. f3 Nxd2 17. Qxd2 Rce8 18. f4 Qe7 19. Ne5 Nxe5 20. fxe5 c5 21.
e3 c4 22. Rf1 b5 23. Qa5 a6 24. Rf2 g6 25. Rcf1 Kg7 26. Qb6 h5 27. h3 Rf7 28.
g4 hxg4 29. hxg4 Ref8 30. Bh3 Bc8 31. gxf5 Bxf5 32. Bxf5 Rxf5 33. Rxf5 Rxf5 34.
Rxf5 1/2-1/2

[Event "Festival INGEM - PLZEŇ 2012"]
[Site "Plzeň (Česká republika)"]
[Date "2012.08.20"]
[Round "4.6"]
[White "Sura, Jaroslav"]
[Black "Chudinovskikh, Alexander M"]
[Result "0-1"]
[WhiteElo "2123"]
[BlackElo "2248"]
[PlyCount "46"]
[EventDate "2012.08.18"]
[Source "ChessBase"]
[SourceDate "1996.11.15"]

1. e4 e5 2. Nf3 Nc6 3. Bc4 Nf6 4. d4 exd4 5. e5 Ng4 6. O-O d6 7. Re1 Ngxe5 8.
Bf4 Be7 9. Bb5 O-O 10. Bxe5 dxe5 11. Bxc6 bxc6 12. Nxe5 Qd5 13. Nxc6 Qxc6 14.
Rxe7 Be6 15. Qd3 Qd6 16. Qa3 Qf4 17. b3 Bd5 18. c4 Qg4 19. f3 Bxf3 20. Qb2 Rae8
21. h3 Qg5 22. Rxe8 Rxe8 23. Qf2 Re1+ 0-1

[Event "Festival INGEM - PLZEŇ 2012"]
[Site "Plzeň (Česká republika)"]
[Date "2012.08.20"]
[Round "4.7"]
[White "Michalek, Jan"]
[Black "Kejzlar, Lubos"]
[Result "1-0"]
[WhiteElo "2327"]
[BlackElo "1920"]
[PlyCount "149"]
[EventDate "2012.08.18"]
[Source "ChessBase"]
[SourceDate "1996.11.15"]

1. e4 d6 2. d4 Nf6 3. Nc3 g6 4. Bg5 Bg7 5. Nf3 c6 6. Qd2 b5 7. Bd3 h6 8. Bh4 g5
9. Bg3 Nh5 10. Ne2 Nd7 11. c3 a6 12. a4 Bb7 13. h4 g4 14. Nh2 Nhf6 15. h5 c5
16. d5 c4 17. Bc2 Nc5 18. Qf4 Qd7 19. Nf1 O-O-O 20. Ne3 e5 21. Qf5 Kc7 22. Bh4
Rb8 23. Qxd7+ Ncxd7 24. Ng3 Bc8 25. axb5 axb5 26. Kd2 Rg8 27. Ra5 Nc5 28. Rha1
Ne8 29. Ra7+ Rb7 30. Ra8 Bf6 31. Bxf6 Nxf6 32. R1a7 Rg5 33. Rxb7+ Kxb7 34. Ra1
Nxh5 35. Ngf5 Bxf5 36. Nxf5 Rg6 37. Rh1 Nf4 38. Rxh6 Rxh6 39. Nxh6 Nxg2 40.
Nxf7 Kc7 41. Nh6 Nf4 42. Nxg4 Kd7 43. f3 Kc7 44. Ne3 Kb6 45. Nf5 Kc7 46. Ne7
Kd7 47. Nf5 Kc7 48. Kc1 Ne2+ 49. Kb1 Nb7 50. Ka2 Kb6 51. Ka3 Kc5 52. Ng7 Kb6
53. Ne6 Ka5 54. Bd1 Nc1 55. Ng5 Kb6 56. b3 cxb3 57. Bxb3 Nd3 58. Ne6 Nbc5 59.
Bc2 Ne1 60. Bd1 Nd7 61. Be2 Nc2+ 62. Kb3 Ne3 63. Ng7 Kc5 64. Ne8 Nb6 65. Nc7
Nbc4 66. Ne6+ Kb6 67. Bxc4 Nxc4 68. Kb4 Nd2 69. Ng5 Nc4 70. Nf7 Ka6 71. Nh6 Nd2
72. Nf5 Nc4 73. Ng7 Nd2 74. Ne8 Nc4 75. Nc7+ 1-0

[Event "Festival INGEM - PLZEŇ 2012"]
[Site "Plzeň (Česká republika)"]
[Date "2012.08.20"]
[Round "4.8"]
[White "Hollan, Martin"]
[Black "Ondrejat, Miroslav"]
[Result "0-1"]
[WhiteElo "1670"]
[BlackElo "2060"]
[PlyCount "105"]
[EventDate "2012.08.18"]
[Source "ChessBase"]
[SourceDate "1996.11.15"]

1. e4 c5 2. Nf3 e6 3. d4 cxd4 4. Nxd4 a6 5. c4 Qc7 6. Nc3 Nf6 7. Bg5 Nc6 8.
Nxc6 dxc6 9. Qd2 Be7 10. f4 h6 11. Bxf6 gxf6 12. a4 a5 13. Be2 Bc5 14. Rf1 Bd7
15. Rf3 O-O-O 16. Rd3 Bb4 17. Bh5 Be8 18. Rxd8+ Qxd8 19. Qxd8+ Kxd8 20. Kd2 Ke7
21. Kc2 e5 22. f5 Bxc3 23. Kxc3 c5 24. Bf3 Bc6 25. Rd1 Bxa4 26. Ra1 Bc6 27.
Rxa5 Kd6 28. Ra1 Kc7 29. Rd1 Ra8 30. Kc2 b6 31. Kb1 Ra4 32. b3 Rb4 33. Rd3 b5
34. Rc3 bxc4 35. Rxc4 Rxb3+ 36. Kc2 Rb5 37. Bh5 Kd6 38. Bxf7 Rb4 39. Rxb4 cxb4
40. Kd3 Kc5 41. Bb3 Bb5+ 42. Ke3 Bc4 43. Bc2 b3 44. Bb1 Kb4 45. Kd2 Bf1 46. g3
Kc4 47. h4 Bh3 48. Bd3+ Kd4 49. Bb1 Bg4 50. Kc1 Kc3 51. h5 Bxh5 52. g4 Bxg4 53.
Ba2 0-1

[Event "Festival INGEM - PLZEŇ 2012"]
[Site "Plzeň (Česká republika)"]
[Date "2012.08.20"]
[Round "4.9"]
[White "Sladek, Jaroslav"]
[Black "Novy, Jan"]
[Result "1/2-1/2"]
[WhiteElo "2011"]
[BlackElo "1723"]
[PlyCount "49"]
[EventDate "2012.08.18"]
[Source "ChessBase"]
[SourceDate "1996.11.15"]

1. e4 d5 2. exd5 Nf6 3. d4 Bg4 4. Be2 Bxe2 5. Qxe2 Qxd5 6. Nf3 e6 7. O-O Bd6 8.
h3 O-O 9. c4 Qh5 10. Nc3 c6 11. Ne4 Nxe4 12. Qxe4 Qg6 13. Qe2 Na6 14. a3 Rfe8
15. Ne5 Bxe5 16. Qxe5 Qf6 17. Be3 Qe7 18. b4 Nb8 19. Qg3 Nd7 20. Bh6 f6 21. Bf4
Qf7 22. Rac1 Nf8 23. Rc3 Ng6 24. Rd1 Rad8 25. Be3 1/2-1/2

[Event "Festival INGEM - PLZEŇ 2012"]
[Site "Plzeň (Česká republika)"]
[Date "2012.08.20"]
[Round "4.11"]
[White "Molnar, Ladislav"]
[Black "Fiala, Jaroslav"]
[Result "0-1"]
[WhiteElo "1807"]
[BlackElo "2225"]
[PlyCount "96"]
[EventDate "2012.08.18"]
[Source "ChessBase"]
[SourceDate "1996.11.15"]

1. e4 c5 2. c3 g6 3. d4 cxd4 4. cxd4 d5 5. exd5 Nf6 6. Nc3 Bg7 7. Bb5+ Bd7 8.
d6 exd6 9. Bxd7+ Qxd7 10. Nge2 O-O 11. O-O d5 12. Be3 Nc6 13. Qd2 Ne4 14. Qc2
Nxc3 15. Qxc3 Rac8 16. Qd2 Rfe8 17. Rac1 h5 18. Rc2 Bf8 19. a3 a5 20. Rfc1 Qf5
21. Ng3 Qe6 22. Qd3 Bd6 23. Ne2 Ra8 24. Qb5 Re7 25. Nc3 Rd8 26. g3 Bb8 27. Qd3
h4 28. Bg5 hxg3 29. hxg3 Qh3 30. Bxe7 Nxe7 31. Qf1 Qf5 32. Re2 Nc6 33. Nb5 Kg7
34. Rce1 Rh8 35. Qg2 Qg4 36. f4 Rh3 37. Kf2 Bxf4 38. Kf1 Qh5 39. gxf4 Rh1+ 40.
Kf2 Rh2 41. Kg3 Qh4+ 42. Kf3 Rxg2 43. Kxg2 Qg4+ 44. Kf1 Qf3+ 45. Kg1 Qxf4 46.
Rf1 Qg3+ 47. Rg2 Qe3+ 48. Kh1 Qd3 0-1

[Event "Festival INGEM - PLZEŇ 2012"]
[Site "Plzeň (Česká republika)"]
[Date "2012.08.20"]
[Round "4.12"]
[White "Lorenc, David"]
[Black "Eretova, Jana"]
[Result "1/2-1/2"]
[WhiteElo "1699"]
[BlackElo "2087"]
[PlyCount "53"]
[EventDate "2012.08.18"]
[Source "ChessBase"]
[SourceDate "1996.11.15"]

1. e4 c5 2. Nf3 e6 3. d4 cxd4 4. Nxd4 Nf6 5. Nc3 d6 6. Bg5 a6 7. f4 Qc7 8. Qf3
Be7 9. O-O-O Nc6 10. g4 Nxd4 11. Rxd4 b5 12. Rd1 b4 13. Ne2 Nxe4 14. Bxe7 Kxe7
15. Rg1 Bb7 16. Qe3 Rhc8 17. Nd4 Qa5 18. Kb1 Bd5 19. Nb3 Qc7 20. Bd3 Bxb3 21.
axb3 Nc5 22. f5 Nxd3 23. Qxd3 e5 24. Rgf1 f6 25. g5 Qc5 26. gxf6+ gxf6 27. Rg1
1/2-1/2

[Event "Festival INGEM - PLZEŇ 2012"]
[Site "Plzeň (Česká republika)"]
[Date "2012.08.20"]
[Round "4.13"]
[White "Hollan, Petr"]
[Black "Dungl, Martin"]
[Result "1/2-1/2"]
[WhiteElo "1718"]
[BlackElo "1991"]
[PlyCount "103"]
[EventDate "2012.08.18"]
[Source "ChessBase"]
[SourceDate "1996.11.15"]

1. e4 c5 2. Nc3 Nc6 3. g3 g6 4. Bg2 Bg7 5. Nge2 d6 6. O-O Nf6 7. d3 O-O 8. f4
Bg4 9. h3 Bxe2 10. Nxe2 Nd7 11. c3 Qc7 12. Kh1 e6 13. g4 Rae8 14. Ng3 b5 15.
Qf3 b4 16. e5 d5 17. Bd2 Rb8 18. cxb4 Nxb4 19. Bxb4 Rxb4 20. b3 f6 21. exf6
Bxf6 22. Rae1 Qd6 23. Ne2 Bh4 24. Rd1 Bg5 25. d4 Bxf4 26. Nxf4 g5 27. dxc5 Nxc5
28. Nxd5 Rxf3 29. Nf6+ Rxf6 30. Rxd6 Rxf1+ 31. Bxf1 Rf4 32. Kg2 Kf7 33. Rc6 Ne4
34. Rc7+ Kf6 35. Rxa7 Ke5 36. Bd3 Rf2+ 37. Kg1 Rd2 38. Bxe4 Kxe4 39. Ra3 Rd5
40. Kg2 Rd2+ 41. Kg3 Rd3+ 42. Kg2 e5 43. Ra4+ Ke3 44. Ra5 e4 45. Rxg5 Ke2 46.
Rg7 e3 47. Rxh7 Kd1 48. Re7 e2 49. Kf2 Rd2 50. Kg3 e1=Q+ 51. Rxe1+ Kxe1 52. g5
1/2-1/2

[Event "Festival INGEM - PLZEŇ 2012"]
[Site "Plzeň (Česká republika)"]
[Date "2012.08.20"]
[Round "4.14"]
[White "Vecera, Petr"]
[Black "Maly, Antonin"]
[Result "1-0"]
[WhiteElo "1986"]
[BlackElo "1847"]
[PlyCount "53"]
[EventDate "2012.08.18"]
[Source "ChessBase"]
[SourceDate "1996.11.15"]

1. e4 c5 2. c3 Nf6 3. e5 Nd5 4. d4 e6 5. Nf3 cxd4 6. cxd4 Bb4+ 7. Bd2 Nc6 8.
Nc3 a6 9. Nxd5 Bxd2+ 10. Qxd2 exd5 11. Bd3 Qa5 12. Qxa5 Nxa5 13. Rc1 b6 14. Kd2
Nc6 15. Bc2 O-O 16. Bb3 Ne7 17. Rc7 Rd8 18. Ng5 h6 19. Nh3 Rb8 20. g4 Kf8 21.
Re1 Rb7 22. Rc3 Rb8 23. Nf4 d6 24. exd6 Rxd6 25. Rce3 g5 26. Rxe7 gxf4 27. Re8+
1-0

[Event "Festival INGEM - PLZEŇ 2012"]
[Site "Plzeň (Česká republika)"]
[Date "2012.08.20"]
[Round "4.15"]
[White "Palkova, Hana"]
[Black "Roew, Rolf"]
[Result "1-0"]
[WhiteElo "1971"]
[BlackElo "1811"]
[PlyCount "57"]
[EventDate "2012.08.18"]
[Source "ChessBase"]
[SourceDate "1996.11.15"]

1. d4 d5 2. c4 c6 3. cxd5 cxd5 4. Nc3 e6 5. Nf3 Bb4 6. Bd2 Nf6 7. Qa4+ Nc6 8.
Ne5 Qb6 9. e3 O-O 10. Nxc6 bxc6 11. Bd3 Bd7 12. Qc2 c5 13. a3 Bxc3 14. Qxc3 c4
15. Bc2 a5 16. f3 Ne8 17. O-O Nd6 18. Bc1 Nb5 19. Qe1 Rfc8 20. Kh1 c3 21. b3
Nd6 22. a4 Qc7 23. Ba3 Nb7 24. Qh4 h6 25. g4 f6 26. f4 f5 27. Rg1 Be8 28. gxf5
Qf7 29. Qxh6 1-0

[Event "Festival INGEM - PLZEŇ 2012"]
[Site "Plzeň (Česká republika)"]
[Date "2012.08.20"]
[Round "4.16"]
[White "Smrckova, Svetlana"]
[Black "Cecil, Pavel"]
[Result "0-1"]
[WhiteElo "1578"]
[BlackElo "1965"]
[PlyCount "104"]
[EventDate "2012.08.18"]
[Source "ChessBase"]
[SourceDate "1996.11.15"]

1. e4 e6 2. Nf3 d5 3. e5 c5 4. b4 b6 5. bxc5 bxc5 6. d4 cxd4 7. Nxd4 Ba6 8.
Bxa6 Qa5+ 9. Nd2 Qxa6 10. a4 Nc6 11. Nb5 Rc8 12. Qe2 Qa5 13. O-O a6 14. Nb3 Qd8
15. N5d4 Nge7 16. Qxa6 Nxe5 17. Na5 Ra8 18. Qb5+ Qd7 19. Nb7 N7c6 20. Nxc6 Qxc6
21. Bf4 f6 22. Na5 Qxb5 23. axb5 Bb4 24. Bxe5 Rxa5 25. Rxa5 Bxa5 26. Bd6 Kd7
27. Ba3 Rc8 28. Rb1 Bb6 29. Rb2 Bd4 30. Rb1 Bb6 31. Rc1 g6 32. Kf1 e5 33. Ke2
Rc3 34. Bb4 Rc4 35. c3 Bc5 36. Rd1 Bxb4 37. cxb4 d4 38. Rb1 h5 39. Rb2 Kd6 40.
Kd3 Kd5 41. f3 f5 42. b6 e4+ 43. fxe4+ fxe4+ 44. Ke2 Kc6 45. b7 Kxb7 46. b5 Kb6
47. h3 h4 48. Kd2 Rc5 49. Rb4 Rd5 50. Ke2 Ka5 51. Rc4 Kxb5 52. Rc8 d3+ 0-1

[Event "Festival INGEM - PLZEŇ 2012"]
[Site "Plzeň (Česká republika)"]
[Date "2012.08.20"]
[Round "4.17"]
[White "Leseticky, Vladimir"]
[Black "Pokorny, Jiri"]
[Result "0-1"]
[WhiteElo "1647"]
[BlackElo "1939"]
[PlyCount "52"]
[EventDate "2012.08.18"]
[Source "ChessBase"]
[SourceDate "1996.11.15"]

1. e4 c5 2. Nf3 d6 3. d4 cxd4 4. Nxd4 Nf6 5. Nc3 a6 6. Bg5 e6 7. Qd2 Be7 8.
O-O-O O-O 9. h4 b5 10. Bd3 Bb7 11. f4 Nc6 12. Nxc6 Bxc6 13. e5 dxe5 14. fxe5
Nd7 15. Qe2 Bxg5+ 16. hxg5 Qxg5+ 17. Kb1 h6 18. Ne4 Qxe5 19. Rh5 f5 20. Rdh1
Bxe4 21. Bxe4 Qxe4 22. Qd2 Qd5 23. Qe3 Rf6 24. g4 Qe4 25. Qd2 Ne5 26. g5 Nf3
0-1

[Event "Festival INGEM - PLZEŇ 2012"]
[Site "Plzeň (Česká republika)"]
[Date "2012.08.20"]
[Round "4.20"]
[White "Berka, Lubos"]
[Black "Spacek, Jan"]
[Result "1-0"]
[WhiteElo "1862"]
[BlackElo "1762"]
[PlyCount "93"]
[EventDate "2012.08.18"]
[Source "ChessBase"]
[SourceDate "1996.11.15"]

1. e4 e6 2. d4 d5 3. Nd2 dxe4 4. Nxe4 Nd7 5. Nf3 Ngf6 6. Nxf6+ Nxf6 7. Ne5 Bd6
8. Bg5 O-O 9. Qf3 c5 10. Ng4 Qa5+ 11. Bd2 Qd8 12. Nxf6+ Qxf6 13. Qxf6 gxf6 14.
dxc5 Bxc5 15. Bc3 e5 16. Bd3 Bg4 17. Be4 Rab8 18. f3 Bh5 19. Ke2 Bg6 20. g4
Bxe4 21. fxe4 Rbc8 22. Rac1 Rfd8 23. Rhd1 Kf8 24. Rxd8+ Rxd8 25. Rd1 Rxd1 26.
Kxd1 Kg7 27. Bd2 Bf2 28. Ke2 Bh4 29. Be3 a6 30. Bf2 Bg5 31. h4 Bf4 32. Be3 Bxe3
33. Kxe3 Kg6 34. h5+ Kg5 35. Kf3 f5 36. gxf5 Kxh5 37. a4 Kg5 38. b4 h5 39. c4
Kh4 40. b5 axb5 41. cxb5 Kh3 42. a5 h4 43. a6 Kh2 44. a7 h3 45. a8=Q Kg1 46.
Qa2 f6 47. Kg3 1-0

[Event "Festival INGEM - PLZEŇ 2012"]
[Site "Plzeň (Česká republika)"]
[Date "2012.08.20"]
[Round "4.21"]
[White "Hrdlicka, Vaclav"]
[Black "Chalus, Karel"]
[Result "0-1"]
[WhiteElo "1740"]
[BlackElo "2049"]
[PlyCount "72"]
[EventDate "2012.08.18"]
[Source "ChessBase"]
[SourceDate "1996.11.15"]

1. d4 Nf6 2. Nf3 d6 3. c4 g6 4. Nc3 Bg7 5. e4 O-O 6. Be2 Nbd7 7. O-O e5 8. d5
a5 9. a4 Nc5 10. Bg5 h6 11. Bxf6 Qxf6 12. Nd2 Qd8 13. Nb3 Nd7 14. Qd2 f5 15. f4
exf4 16. exf5 Rxf5 17. Rxf4 Nc5 18. Nxc5 dxc5 19. Bg4 Rxf4 20. Qxf4 Qe7 21.
Bxc8 Rxc8 22. Qg3 Bd4+ 23. Kh1 Qf7 24. Qh3 Rf8 25. Qd3 Kg7 26. Rb1 Qf2 27. Ne4
Qf5 28. Re1 Re8 29. b3 Bf2 30. Qc3+ Bd4 31. Qd3 Rf8 32. Qe2 h5 33. Ng3 Qf2 34.
Qe7+ Rf7 35. Qe2 Qxe2 36. Rxe2 h4 0-1

[Event "Festival INGEM - PLZEŇ 2012"]
[Site "Plzeň (Česká republika)"]
[Date "2012.08.20"]
[Round "4.22"]
[White "Saez Coma, Alejandro"]
[Black "Silhavy, Miroslav"]
[Result "1-0"]
[WhiteElo "1906"]
[BlackElo "1781"]
[PlyCount "85"]
[EventDate "2012.08.18"]
[Source "ChessBase"]
[SourceDate "1996.11.15"]

1. d4 d5 2. Bf4 Nf6 3. Nf3 Nbd7 4. e3 e6 5. Nbd2 Be7 6. Bd3 b6 7. Ne5 Bb7 8.
O-O Rc8 9. c3 c5 10. Re1 a6 11. h3 b5 12. Ndf3 h6 13. Rc1 Qa5 14. Bb1 Qb6 15.
Nxd7 Nxd7 16. Ne5 Nf6 17. f3 a5 18. Kh1 Nh5 19. Bh2 Bh4 20. Rf1 Ng3+ 21. Bxg3
Bxg3 22. f4 h5 23. Nd3 c4 24. Ne5 Qd8 25. Qf3 Bh4 26. f5 exf5 27. Bxf5 Rc7 28.
e4 Bf6 29. exd5 Bxd5 30. Be4 Bxe4 31. Qxe4 O-O 32. Qf5 h4 33. Ng4 Bg5 34. Rce1
b4 35. Qxa5 bxc3 36. bxc3 Be7 37. Re2 Bd6 38. Qd5 Rd7 39. Qxc4 Kh8 40. Ref2 f6
41. Rf5 Rff7 42. Rh5+ Kg8 43. Qd3 1-0

[Event "Festival INGEM - PLZEŇ 2012"]
[Site "Plzeň (Česká republika)"]
[Date "2012.08.20"]
[Round "4.23"]
[White "Kantor, Jozef"]
[Black "Veselsky, Jan"]
[Result "1-0"]
[WhiteElo "1884"]
[BlackElo "1718"]
[PlyCount "85"]
[EventDate "2012.08.18"]
[Source "ChessBase"]
[SourceDate "1996.11.15"]

1. e4 c6 2. d4 d5 3. e5 Bf5 4. Nf3 e6 5. Nc3 c5 6. Bd3 Bxd3 7. Qxd3 Nc6 8. Bf4
Qb6 9. dxc5 Bxc5 10. O-O Nge7 11. a3 Ng6 12. Bg3 Be7 13. b4 O-O 14. h4 Rfd8 15.
h5 Nf8 16. Rfe1 Rac8 17. Ne2 a5 18. c3 Nd7 19. Bf4 h6 20. Qd2 Bf8 21. g4 f6 22.
Ng3 fxe5 23. Nxe5 Ncxe5 24. Bxe5 Nxe5 25. Rxe5 Rc6 26. Kg2 Be7 27. Rae1 Bf6 28.
R5e3 Bg5 29. Qd3 Bxe3 30. Rxe3 Rf8 31. Ne2 Rc4 32. Nd4 axb4 33. axb4 Rf4 34.
Qg6 Rf6 35. Qe8+ Kh7 36. f3 Qc7 37. Nxe6 Qf7 38. Nxg7 Qxg7 39. Re7 Rcf4 40.
Rxg7+ Kxg7 41. Qd7+ Rf7 42. Qxd5 Rxf3 43. Qxf3 1-0

[Event "Festival INGEM - PLZEŇ 2012"]
[Site "Plzeň (Česká republika)"]
[Date "2012.08.20"]
[Round "4.30"]
[White "Holy, Filip"]
[Black "Fakan, Petr"]
[Result "0-1"]
[WhiteElo "1579"]
[BlackElo "1495"]
[PlyCount "84"]
[EventDate "2012.08.18"]
[Source "ChessBase"]
[SourceDate "1996.11.15"]

1. e4 d6 2. d4 Nf6 3. Nc3 g6 4. Be3 Bg7 5. Qd2 Nc6 6. Nf3 O-O 7. Bh6 e6 8. Bd3
Nb4 9. Be2 Nxc2+ 10. Qxc2 Bxh6 11. O-O d5 12. e5 Nh5 13. Nd1 Nf4 14. Bb5 c6 15.
Ba4 Bd7 16. Ne3 b5 17. Bb3 a5 18. a4 Rc8 19. Ng4 Bg7 20. Qd2 h5 21. Qxf4 hxg4
22. Qxg4 Bh6 23. Bc2 Kg7 24. h4 Be8 25. Ng5 Bxg5 26. hxg5 Rh8 27. g3 Rh5 28. f4
c5 29. Qe2 cxd4 30. b3 Qb6 31. Kg2 Bc6 32. Qd3 Bb7 33. Rac1 Rc3 34. Qxb5 Qxb5
35. axb5 d3 36. Bb1 d4+ 37. Kf2 Rxc1 38. Rxc1 Rh2+ 39. Ke1 Re2+ 40. Kd1 d2 41.
Rc7 Bf3 42. Bd3 Rg2+ 0-1

[Event "Festival INGEM - PLZEŇ 2012"]
[Site "Plzeň (Česká republika)"]
[Date "2012.08.21"]
[Round "5.1"]
[White "Plischki, Sebastian"]
[Black "Haba, Zdenek"]
[Result "1/2-1/2"]
[WhiteElo "2365"]
[BlackElo "2236"]
[PlyCount "96"]
[EventDate "2012.08.18"]
[Source "ChessBase"]
[SourceDate "1996.11.15"]

1. d4 c5 2. d5 Nf6 3. c4 b5 4. cxb5 a6 5. bxa6 g6 6. Nc3 Bxa6 7. Nf3 Bg7 8. e4
Bxf1 9. Kxf1 d6 10. g3 O-O 11. Kg2 Nbd7 12. a4 Ra6 13. Qc2 Qa8 14. Ra3 Rb8 15.
Nb5 Ne8 16. Re1 Nb6 17. b3 Nd7 18. Qe2 Ra5 19. Qa2 Ne5 20. Nxe5 Bxe5 21. Re2
Ra6 22. Qb1 Qb7 23. Qd3 Rb6 24. Bd2 Ra8 25. b4 cxb4 26. Bxb4 Rba6 27. Rea2 Nc7
28. Nxc7 Qxc7 29. a5 Qb7 30. Bd2 Rb8 31. Rc2 Kg7 32. Ra4 Qb1 33. Qc4 Raa8 34.
a6 Qd1 35. Be3 Rc8 36. Qxc8 Rxc8 37. Rxc8 Qxa4 38. a7 Qxe4+ 39. Kg1 Qb1+ 40.
Bc1 Bb2 41. a8=Q Bxc1 42. Qa6 Bb2+ 43. Qf1 Qe4 44. Qc4 Bd4 45. Qa2 Qe1+ 46. Kg2
Qe4+ 47. Kg1 Qe1+ 48. Kg2 Qe4+ 1/2-1/2

[Event "Festival INGEM - PLZEŇ 2012"]
[Site "Plzeň (Česká republika)"]
[Date "2012.08.21"]
[Round "5.2"]
[White "Bartos, Jan"]
[Black "Kireev, Aleksei"]
[Result "0-1"]
[WhiteElo "2211"]
[BlackElo "2345"]
[PlyCount "118"]
[EventDate "2012.08.18"]
[Source "ChessBase"]
[SourceDate "1996.11.15"]

1. d4 d6 2. Nf3 g6 3. c4 Bg7 4. g3 e5 5. Nc3 Nd7 6. Bg2 Ngf6 7. O-O O-O 8. e4
c6 9. h3 Qe7 10. Re1 Ne8 11. Be3 f5 12. exf5 gxf5 13. dxe5 dxe5 14. Qd2 e4 15.
Nd4 Ne5 16. b3 Qd7 17. Nde2 Qxd2 18. Bxd2 Nc7 19. Nf4 Ne6 20. Nxe6 Bxe6 21.
Rad1 Nd3 22. Rf1 Rad8 23. Nb1 Bd4 24. Be3 c5 25. Rd2 a6 26. a4 b5 27. axb5 axb5
28. Na3 b4 29. Bxd4 bxa3 30. Be3 Rb8 31. Rb1 Bxc4 32. Ra2 Rxb3 33. Rxb3 Bxb3
34. Rxa3 c4 35. Bd4 Rd8 36. Bc3 Nc1 37. Bf1 Rd1 38. Kg2 Na2 39. Be5 Kf7 40.
Rxb3 cxb3 41. Bc4+ Kg6 42. Bxb3 Rd2 43. Bxa2 Rxa2 44. Bf4 h5 45. Be3 Kf6 46.
Bf4 Ke6 47. Be3 Ra3 48. Bb6 Rf3 49. Ba7 Kd5 50. Bb6 Kc4 51. Ba7 Kd3 52. Bb6 Ke2
53. Ba7 h4 54. gxh4 f4 55. h5 Ra3 56. Bd4 Rd3 57. Bb6 Rd5 58. Bc7 Rg5+ 59. Kh2
Kf3 0-1

[Event "Festival INGEM - PLZEŇ 2012"]
[Site "Plzeň (Česká republika)"]
[Date "2012.08.21"]
[Round "5.3"]
[White "Vlasak, Lukas"]
[Black "Chudinovskikh, Alexander M"]
[Result "1-0"]
[WhiteElo "2291"]
[BlackElo "2248"]
[PlyCount "69"]
[EventDate "2012.08.18"]
[Source "ChessBase"]
[SourceDate "1996.11.15"]

1. e4 e5 2. Nf3 Nc6 3. Bb5 a6 4. Ba4 Nf6 5. O-O Be7 6. Re1 b5 7. Bb3 O-O 8. c3
d6 9. a4 Bg4 10. h3 Bh5 11. d3 b4 12. a5 bxc3 13. bxc3 h6 14. Nbd2 Kh8 15. Nf1
d5 16. Ng3 Bxf3 17. Qxf3 d4 18. Bd5 Nxd5 19. exd5 Na7 20. c4 f6 21. Nf5 Bb4 22.
Re4 Rf7 23. Qh5 Qd7 24. Bxh6 Kg8 25. Bxg7 Rxg7 26. Nxg7 Qf7 27. Qxf7+ Kxf7 28.
Nf5 Bc3 29. Rb1 Bxa5 30. Rg4 Nc8 31. Rg7+ Kf8 32. Rh7 Bb6 33. d6 cxd6 34. Rh8+
Kf7 35. Rxc8 1-0

[Event "Festival INGEM - PLZEŇ 2012"]
[Site "Plzeň (Česká republika)"]
[Date "2012.08.21"]
[Round "5.4"]
[White "Mukashev, Assan"]
[Black "Neuman, Petr"]
[Result "0-1"]
[WhiteElo "2217"]
[BlackElo "2476"]
[PlyCount "62"]
[EventDate "2012.08.18"]
[Source "ChessBase"]
[SourceDate "1996.11.15"]

1. d4 d6 2. Nf3 Nf6 3. g3 Nbd7 4. Bg2 e5 5. O-O Be7 6. d5 b5 7. a4 b4 8. a5 Rb8
9. Ne1 O-O 10. c4 bxc3 11. Nxc3 Nc5 12. Nd3 Nfd7 13. Be3 Ba6 14. Nxc5 Nxc5 15.
Qc2 Rb4 16. Na2 Rc4 17. Qd1 Qb8 18. b4 Nd7 19. Qb3 f5 20. Rfb1 Bb5 21. a6 f4
22. Bd2 Qb6 23. gxf4 exf4 24. Nc3 Rd4 25. Ne4 Bxe2 26. Qh3 Ne5 27. Qe6+ Rf7 28.
Qc8+ Bf8 29. Bc3 f3 30. Bxd4 Qxd4 31. Ng5 Ng4 0-1